First falls in house prices (Record no. 117574)

MARC details
000 -LEADER
fixed length control field 00952cam a2200205 4500
001 - CONTROL NUMBER
control field WB4024-09
008 - FIXED-LENGTH DATA ELEMENTS--GENERAL INFORMATION
fixed length control field 040622n2004 000 0 eng u
035 ## - SYSTEM CONTROL NUMBER
System control number (Sirsi) u126563
245 ## - TITLE STATEMENT
Title First falls in house prices
260 ## - PUBLICATION, DISTRIBUTION, ETC.
Date of publication, distribution, etc. 2004
490 ## - SERIES STATEMENT
Series statement Rightmove Press Release
Volume/sequential designation June 2004 (21 June 2004) (13)
520 ## - SUMMARY, ETC.
Summary, etc. The latest "Rightmove house price index" showing trends in asking prices up to 12 June 2004, reports a small but significant fall of 0.4% since last month, with the average property asking price standing at £193,965. However, the annual rate of house price inflation has risen again to 17.2%. London leads the downturn as prices rise by just over 0.6% over the month. http://www.rightmove.co.uk/pdf/p/hpi/HousePriceInd ex21June2004.pdf
590 ## - LOCAL NOTE (RLIN)
Local note WB
590 ## - LOCAL NOTE (RLIN)
Local note WB
650 ## - SUBJECT ADDED ENTRY--TOPICAL TERM
Topical term or geographic name entry element HOUSE PRICE INDICES
650 ## - SUBJECT ADDED ENTRY--TOPICAL TERM
Topical term or geographic name entry element HOUSE PRICE INFLATION
650 ## - SUBJECT ADDED ENTRY--TOPICAL TERM
Topical term or geographic name entry element HOUSING-MARKET
690 ## - LOCAL SUBJECT ADDED ENTRY--TOPICAL TERM (OCLC, RLIN)
Topical term or geographic name as entry element HOUSING-HOUSE PRICES
942 ## - ADDED ENTRY ELEMENTS (KOHA)
Suppress in OPAC 0
Holdings
Withdrawn status Lost status Source of classification or shelving scheme Damaged status Not for loan Home library Current library Shelving location Date acquired Total Checkouts Full call number Barcode Date last seen Copy number Price effective from Koha item type
    Dewey Decimal Classification     London London News article 24/06/2004   WB4024-09 126563-1002 06/08/2019 2 06/08/2019 News article